• 首页
  • 本馆介绍
  • 公告通知
  • 最新文献
  • 馆藏检索
  • 电子资源
  • 读者导购
  • 参考咨询
  • 我的图书馆
  • 登录
  • 详细信息显示
  • 放入我的书架
  • 预约/预借图书
  • 作者相关作品
  • 分类相关作品
  • 丛书相关作品
  • 出版社相关作品

书目信息

  • 表格格式
  • 工作单格式
  • 卡片格式
题名:
和压力做朋友
    
 
作者: ;轻松读大师项目部 编
分册:  
出版信息: 北京   中国盲文出版社  2017
页数: 240页
开本: 26cm
丛书名:
单 册:
中图分类: B848.4-49
科图分类:
主题词: 成功心理--通俗读物
电子资源:
ISBN: 978-7-5002-7770-5
000 00935nam0 2200253 450
001 1373
005 20180522111636.33
010    @a978-7-5002-7770-5@dCNY49.00
100    @a20170905d2017 em y0chiy50 ea
101 0  @achi
102    @aCN@b110000
105    @ay z 000yy
200 1  @a和压力做朋友@9he ya li zuo peng you@dBefriend stress@f轻松读大师项目部编@zeng
205    @a大字版
210    @a北京@c中国盲文出版社@d2017
215    @a240页@d26cm
300    @a国家彩票公益金资助
330    @a本书集中解读《1小时做好人生功课》《20步打败混乱》《乱中求胜》《压力是成功的跳板》四部主题相关的代表性好书,以“要点整理”“5分钟摘要”“主题看板”“关键词解读”“轻松读大师”等栏目精炼呈现各书核心观点。
510 1  @aBefriend stress@zeng
606 0  @a成功心理@j通俗读物
690    @aB848.4-49@v5
711 02 @a轻松读大师项目部@9qing song du da shi xiang mu bu@4编
801  0 @aCN@b91MARC@c20170905
905    @aMuseLib@dB848.4@e2004
    
    和压力做朋友=Befriend stress/轻松读大师项目部编.-大字版.-北京:中国盲文出版社,2017
    240页;26cm
    国家彩票公益金资助
    
    ISBN 978-7-5002-7770-5:CNY49.00
    本书集中解读《1小时做好人生功课》《20步打败混乱》《乱中求胜》《压力是成功的跳板》四部主题相关的代表性好书,以“要点整理”“5分钟摘要”“主题看板”“关键词解读”“轻松读大师”等栏目精炼呈现各书核心观点。
●
相关链接 在E读中查询图书 在五车中查询图书 在当当中查询图书 在豆瓣中查询图书


正题名:和压力做朋友     索取号:B848.4/2004         预约/预借

序号 登录号 条形码 馆藏地/架位号 状态 备注
1 1064908   210649084   第一样本阅览室/ [索取号:B848.4/2004] 在馆    
2 1064909   210649093   密集书库-马院/ [索取号:B848.4/2004] 在馆    
3 1064910   210649100   第一借阅区/ [索取号:B848.4/2004] 在馆    
4 1064911   210649119   第一借阅区/ [索取号:B848.4/2004] 在馆    
5 1064912   210649128   第一借阅区/ [索取号:B848.4/2004] 在馆    
6 1064913   210649137   第一借阅区/ [索取号:B848.4/2004] 在馆    
7 1104138   211041380   第一借阅区/ [索取号:B848.4/2004] 在馆    
8 1104139   211041399   教育系资料室/ [索取号:B848.4/2004] 在馆    
9 1104140   211041406   教育系资料室/ [索取号:B848.4/2004] 在馆    
10 1104141   211041415   教育系资料室/ [索取号:B848.4/2004] 在馆    
11 1104142   211041424   第一借阅区/ [索取号:B848.4/2004] 在馆    
12 1104143   211041433   第一借阅区/ [索取号:B848.4/2004] 在馆    
唐山师范学院图书馆 欢迎您!
大连网信软件有限公司© 版权所有